00872nam a2200217 a 450000100100000000500170001000800410002702000180006804000250008608200130011110000310012424500980015526000590025330000360031249000320034850000730038050400320045383000410048595201110052699900170063700004287120201002040448.0140211s2011 sp ac 000 0 spa d a9788481272307 aDO-SdBNPbspacBNPHU axxxbxxx1 aPueyo Dolader, Olga97028613aEl crimen de los padres en la narrativa oscense de Michel del Castillo /cOlga Pueyo Dolader. aHuesca :bInstituto de Estudios Altoaragoneses,c2011. a241 p. :bil., retrs. ;c24 cm.1 aEstudios altoaragonesesv60 aIncluye referencias bibliográficas y notas al pie de las páginas aBibliografía : p. 227-239 0aEstudios altoaragoneses ;n60970287 001050718MOaGRbGRcCTd2014-02-11iLF1l0oxxx xxxp42871-10r2020-06-25w2020-06-25y1ZNo se presta c42360d42360